Digital electronics : (Record no. 592542)
[ view plain ]
| 000 -LEADER | |
|---|---|
| fixed length control field | 01346pam a2200265 a 4500 |
| 001 - CONTROL NUMBER | |
| control field | 4032267 |
| 005 - DATE AND TIME OF LATEST TRANSACTION | |
| control field | 20221130144455.0 |
| 008 - FIXED-LENGTH DATA ELEMENTS--GENERAL INFORMATION | |
| fixed length control field | 980601s1999 nyua 001 0 eng |
| 010 ## - LIBRARY OF CONGRESS CONTROL NUMBER | |
| LC control number | 98008460 |
| 020 ## - INTERNATIONAL STANDARD BOOK NUMBER | |
| International Standard Book Number | 0028041615 |
| 040 ## - CATALOGING SOURCE | |
| Original cataloging agency | DLC |
| Transcribing agency | DLC |
| Modifying agency | DLC |
| 050 00 - LIBRARY OF CONGRESS CALL NUMBER | |
| Classification number | TK7868.D5 |
| Item number | T65 1999 |
| 082 00 - DEWEY DECIMAL CLASSIFICATION NUMBER | |
| Classification number | 621.3815,TOK |
| Edition number | 21 |
| 100 1# - MAIN ENTRY--PERSONAL NAME | |
| Personal name | Tokheim, Roger L. |
| 245 10 - TITLE STATEMENT | |
| Title | Digital electronics : |
| Remainder of title | principles and applications / |
| Statement of responsibility, etc. | Roger L. Tokheim. |
| 250 ## - EDITION STATEMENT | |
| Edition statement | 5th ed. |
| 260 ## - PUBLICATION, DISTRIBUTION, ETC. | |
| Place of publication, distribution, etc. | New York : |
| Name of publisher, distributor, etc. | Glencoe/McGraw-Hill, |
| Date of publication, distribution, etc. | c1999. |
| 300 ## - PHYSICAL DESCRIPTION | |
| Extent | ix, 406 p. : |
| Other physical details | ill. (some col.) ; |
| Dimensions | 29 cm. |
| 440 #0 - SERIES STATEMENT/ADDED ENTRY--TITLE | |
| Title | Basic skills in electricity and electronics |
| 9 (RLIN) | 94578 |
| 505 ## - FORMATTED CONTENTS NOTE | |
| Formatted contents note | Digital Electronics (Page-1), Numbers we Use in Digital Electronics (Page-19), Binary Logic Gates (Page-29), Using Binary Logic Gates (Page-51), IC Specifications and Simple Interfacing (Page-77), Encoding Decoding and Seven Segment Displays (Page-102), Flip Flops (Page-132), Counters (Page-149), Shift Registers (Page-177), Arithmetic Circuits (Page-198), Memories (Page-224), Digital Systems (Page-250), Connecting with Analog (Page-303). |
| 650 #0 - SUBJECT ADDED ENTRY--TOPICAL TERM | |
| Topical term or geographic name entry element | Digital electronics. |
| 906 ## - LOCAL DATA ELEMENT F, LDF (RLIN) | |
| a | 7 |
| b | cbc |
| c | orignew |
| d | 1 |
| e | ocip |
| f | 19 |
| g | y-gencatlg |
| 942 ## - ADDED ENTRY ELEMENTS (KOHA) | |
| Source of classification or shelving scheme | |
| Koha item type | Book |
| Withdrawn status | Lost status | Source of classification or shelving scheme | Damaged status | Not for loan | Permanent Location | Current Location | Shelving location | Date acquired | Total Checkouts | Full call number | Barcode | Date last seen | Date last checked out | Price effective from | Koha item type | Public note |
|---|---|---|---|---|---|---|---|---|---|---|---|---|---|---|---|---|
| Military College of Signals (MCS) | Military College of Signals (MCS) | General Stacks | 11/30/2022 | 3 | 621.3815,TOK | MCS28178 | 04/26/2023 | 04/06/2023 | 11/30/2022 | Book | Almirah No.33, Shelf No.3 |
